00832nam a22001577a 4500008004100000040005500041080002500096245021300121260011200334300001700446650001300463653001600476942001300492999001700505952015200522230623b |||||||| |||| 00| 0 eng d aNational Science LibrarycNational Science Library aR 5/6:171(058.7)bL8 aEvist resource directory: bA directory of programs and courses in the field of ethics and values in science and technology c/ Office of Science Education American Association for the Advancement of Science  aWashington, D.C.: bOffice of Science Education American Association for the Advancement of Science, c1978 aviii, 207p.  aScience  aTechnology  2udccDIR c46953d46953 00102udc406R_561710587_L870971348aNSLbNSLcGF/Rk-14/C-4/R-2d1979-02-14l0oR 5/6:171(058.7) L8p88744r2023-06-23 00:00:00w1979-02-14yDIR